000 00670nam a2200229Ia 4500
003 OSt
005 20230524115343.0
008 210423s2012 xx 000 0 und d
020 _a81-314-0743-8
040 _cAL
041 _aeng
082 _a363.7 ALAE
_223
100 _aALAGIRI (Dhandapani);KUMAR (E Naveen).
_9112268
245 _aEnvironmental issues in India: an introduction.
260 _aNew Delhi
_bThe ICFAI Univercity Press
_c2012
300 _axv,245
_bPB
365 _b450
_cINR
650 _aEnvironmental Problems
_9112269
650 _aSocial Work
_9112270
906 _aan ; Environmental ; India: ; introduction. ; issues
942 _2ddc
_cBK
999 _c165413
_d165413